000 00826nam a22002777a 4500
001 BR7603046
003 BR-BrBNA
005 20230928085012.0
007 ta
008 230509b bl.||||| |||| 00| 0 por d
040 _aBR-BrBNA
_bpor
_cBiblioteca Nacional de Agricultura
041 _a(Por)
072 _aE10
_b/G514
090 _ E10 BR7603046
110 1 _aSuperintendencia do Desenvolvimento da Amazonia, Belem, PA (Brasil). Depto. de Recursos Naturais
_910055
245 1 _aPesquisa de materiais industriais no estado do Para [Brasil]
260 3 _aBelem, PA (Brasil):
_c1976.
300 _a44 p.
500 _a43 ref.; Map, scale 1:750,000; Summary (Por)
650 _aMACROECONOMIA
650 _aMINERAL
650 _aINDUSTRIA
650 _aPARA
909 _a202309
_bLucia
_c55
_dLucia Elande
942 _cBK
999 _c22335
_d22335